000
00327nam a2200157Ia 4500
100
_a
Chilikin/M
650
_a
Electrical Engineering
942
_c
BK
654
_a
Electronic
245
_a
Electronic Drive
260
_b
Pitman
_a
Moscow
_c
1976
082
_a
621.3
_b
Chi
300
_a
495
546
_a
ENGLISH
999
_c
28202
_d
28202